| 000 -LEADER |
| fixed length control field |
00814cam a2200205 a 4500 |
| 003 - CONTROL NUMBER IDENTIFIER |
| control field |
OSt |
| 005 - DATE AND TIME OF LATEST TRANSACTION |
| control field |
20200313133033.0 |
| 008 - FIXED-LENGTH DATA ELEMENTS--GENERAL INFORMATION |
| fixed length control field |
080716s2009 cauab b 001 0 eng c |
| 020 ## - INTERNATIONAL STANDARD BOOK NUMBER |
| International Standard Book Number |
9781412947053 (pbk.) |
| 040 ## - CATALOGING SOURCE |
| Original cataloging agency |
UKM |
| Transcribing agency |
UKM |
| Modifying agency |
BTCTA |
| -- |
BAKER |
| -- |
YDXCP |
| -- |
BWK |
| -- |
BWKUK |
| -- |
BWX |
| -- |
CDX |
| -- |
IQU |
| -- |
DLC |
| 082 00 - DEWEY DECIMAL CLASSIFICATION NUMBER |
| Classification number |
628 |
| Edition number |
22 |
| Item number |
KEN |
| 245 00 - TITLE STATEMENT |
| Title |
Environmental sciences : |
| Remainder of title |
a student's companion / |
| Statement of responsibility, etc |
Kenneth J. Gregory ... [et al.]. |
| 260 ## - PUBLICATION, DISTRIBUTION, ETC. (IMPRINT) |
| Place of publication, distribution, etc |
Los Angeles : |
| Name of publisher, distributor, etc |
SAGE, |
| Date of publication, distribution, etc |
2009. |
| 300 ## - PHYSICAL DESCRIPTION |
| Extent |
xiv, 441 p. : |
| Other physical details |
ill., maps ; |
| Dimensions |
24 cm. |
| 504 ## - BIBLIOGRAPHY, ETC. NOTE |
| Bibliography, etc |
Includes bibliographical references and index. |
| 505 0# - FORMATTED CONTENTS NOTE |
| Formatted contents note |
Environmental sciences -- Environments -- Paradigms/Concepts -- Processes and dynamics -- Scales and techniques -- Environmental issues. |
| 650 #0 - SUBJECT ADDED ENTRY--TOPICAL TERM |
| Topical term or geographic name as entry element |
Environmental sciences. |
| 700 1# - ADDED ENTRY--PERSONAL NAME |
| Personal name |
Gregory, K. J. |
| Fuller form of name |
(Kenneth John) |
| 942 ## - ADDED ENTRY ELEMENTS (KOHA) |
| Source of classification or shelving scheme |
|